000 00483ntaaa2200193 4500
003 01
005 20251027201450.0
008 0714s1973 ag 01
040 _aAR-BaBN
_bspa
_cAR-BaBN
_eaacr
_dRIC
082 _a226.4000 Er2e
100 _aErdman, Charles R.
_95482
245 _aEl Evangelio de Lucas
250 _a1 ed.
260 _aGrand Rapids :
_bT.E.L.L.,
_c1974
300 _a294 p.
650 _aBiblia-Nuevo Testamento-Lucas
_94032
650 _aLucas
_94392
942 _cBK
999 _c9177
_d9177